[Event "20. Obert Int. Sant Marti 2018 - B"]
[Site "Barcelona ESP"]
[Date "2018.07.18"]
[Round "6.73"]
[White "Minko, Uliana"]
[Black "Samper Gonzalez, Pedro"]
[Result "1-0"]
[WhiteElo "1284"]
[BlackElo "1470"]
[PlyCount "77"]
[EventDate "2018.07.13"]
[EventType "swiss"]
[EventRounds "9"]
[EventCountry "ESP"]
[SourceTitle "Ajedrez en Madrid"]
[Source "lmi"]
[SourceDate "2018.07.13"]
[SourceVersion "1"]
[SourceVersionDate "2019.06.21"]
[SourceQuality "1"]

1. c4 f5 2. g3 Nf6 3. Nc3 g6 4. Bg2 Bg7 5. Rb1 d6 6. Nf3 O-O 7. O-O e5 8. d3 a5
9. Bd2 Nc6 10. a3 h6 11. b4 axb4 12. axb4 b6 13. Ne1 d5 14. Nxd5 Bb7 15. Nxf6+
Qxf6 16. b5 Nd8 17. f3 Ne6 18. Bc3 g5 19. Nc2 g4 20. Nb4 Rf7 21. Nc6 Nd4 22.
Nb4 Qg6 23. Nd5 Bf8 24. fxg4 Qxg4 25. Nf6+ Rxf6 26. Bxb7 Nxe2+ 27. Kh1 Ra2 28.
Bb2 Qh5 29. Kg2 e4 30. dxe4 Rd6 31. Bd5+ Kh7 32. Rxf5 Nf4+ 33. gxf4 Qg6+ 34.
Kh1 Bg7 35. Qb3 Bxb2 36. Qxa2 Bd4 37. Rf7+ Kh8 38. Qa8+ Qg8 39. Rf8 1-0

[Event "20. Obert Int. Sant Marti 2018 - B"]
[Site "Barcelona ESP"]
[Date "2018.07.18"]
[Round "6.74"]
[White "Pinyol I Llora, Julia"]
[Black "Cassi Gimeno, Jordi"]
[Result "1/2-1/2"]
[WhiteElo "1374"]
[BlackElo "1464"]
[PlyCount "86"]
[EventDate "2018.07.13"]
[EventType "swiss"]
[EventRounds "9"]
[EventCountry "ESP"]
[SourceTitle "Ajedrez en Madrid"]
[Source "lmi"]
[SourceDate "2018.07.13"]
[SourceVersion "1"]
[SourceVersionDate "2019.06.21"]
[SourceQuality "1"]

1. d4 d5 2. Nf3 Nf6 3. g3 e6 4. Bg2 Nbd7 5. O-O c6 6. Nbd2 Be7 7. c4 O-O 8. Re1
Qc7 9. e4 dxe4 10. Nxe4 Nxe4 11. Rxe4 Nf6 12. Re2 Re8 13. Qb3 Nd7 14. Bf4 Qb6
15. c5 Qxb3 16. axb3 Bf6 17. Be5 Kf8 18. Bd6+ Be7 19. Bxe7+ Rxe7 20. Ne5 Nxe5
21. dxe5 Rd7 22. Rc1 a5 23. Be4 g6 24. Ra1 Rd4 25. Ra4 Rxa4 26. bxa4 Ke7 27.
Rd2 Bd7 28. Rd6 Rd8 29. g4 f6 30. exf6+ Kxf6 31. f4 Ke7 32. Kf2 Rf8 33. Ke3 Rf6
34. g5 Rf8 35. h4 Rh8 36. Kd4 Rg8 37. Ke5 Rg7 38. Rd3 Rg8 39. Rb3 Bc8 40. Bf3
Rh8 41. Bg4 h6 42. Bxe6 Bxe6 43. Rxb7+ Bd7 1/2-1/2

[Event "20. Obert Int. Sant Marti 2018 - B"]
[Site "Barcelona ESP"]
[Date "2018.07.18"]
[Round "6.75"]
[White "Rodriguez Gonzalez, Feliciano"]
[Black "Gupta, Ritvik"]
[Result "1-0"]
[WhiteElo "1403"]
[BlackElo "1021"]
[PlyCount "41"]
[EventDate "2018.07.13"]
[EventType "swiss"]
[EventRounds "9"]
[EventCountry "ESP"]
[SourceTitle "Ajedrez en Madrid"]
[Source "lmi"]
[SourceDate "2018.07.13"]
[SourceVersion "1"]
[SourceVersionDate "2019.06.21"]
[SourceQuality "1"]

1. e4 e5 2. Nf3 Nc6 3. Bb5 Nf6 4. Nc3 Nd4 5. Bc4 Nxe4 6. Nxe5 Nxc3 7. dxc3 Ne6
8. O-O Bd6 9. Nf3 O-O 10. Be3 Bf4 11. Re1 c6 12. Bxf4 Nxf4 13. Qd6 Ne6 14. a4
Qc7 15. Rxe6 Qb6 16. Re7 Qxb2 17. Rae1 g6 18. Re8 Rxe8 19. Rxe8+ Kg7 20. Qf8+
Kf6 21. Qxf7# 1-0

[Event "20. Obert Int. Sant Marti 2018 - B"]
[Site "Barcelona ESP"]
[Date "2018.07.18"]
[Round "6.76"]
[White "Febrero Perez, Lluis"]
[Black "Apinyan, Mark"]
[Result "1-0"]
[WhiteElo "1479"]
[BlackElo "1269"]
[PlyCount "67"]
[EventDate "2018.07.13"]
[EventType "swiss"]
[EventRounds "9"]
[EventCountry "ESP"]
[SourceTitle "Ajedrez en Madrid"]
[Source "lmi"]
[SourceDate "2018.07.13"]
[SourceVersion "1"]
[SourceVersionDate "2019.06.21"]
[SourceQuality "1"]

1. e4 c5 2. Nf3 d6 3. Bb5+ Bd7 4. Qe2 Nf6 5. Nc3 a6 6. Bxd7+ Qxd7 7. O-O e6 8.
b3 Be7 9. Bb2 O-O 10. e5 dxe5 11. Nxe5 Qc7 12. Ne4 Nxe4 13. Qxe4 f6 14. Ng4 e5
15. c4 Nc6 16. Ne3 Nb4 17. a3 Nc6 18. Nd5 Qd7 19. Rad1 Qd8 20. Bc3 a5 21. b4
axb4 22. axb4 cxb4 23. Ba1 Rb8 24. c5 Bxc5 25. Qc4 Qd6 26. Nxf6+ Kh8 27. Ne4 b5
28. Qxc5 Qxc5 29. Nxc5 Rbe8 30. Rfe1 Rf5 31. Ne4 Nd4 32. Nd6 Nc2 33. Nxf5 Nxe1
34. Rxe1 1-0

[Event "20. Obert Int. Sant Marti 2018 - B"]
[Site "Barcelona ESP"]
[Date "2018.07.18"]
[Round "6.77"]
[White "Marcos Rodriguez, Raul"]
[Black "Marzo Ruiz, Xavier"]
[Result "0-1"]
[WhiteElo "1360"]
[BlackElo "1417"]
[PlyCount "142"]
[EventDate "2018.07.13"]
[EventType "swiss"]
[EventRounds "9"]
[EventCountry "ESP"]
[SourceTitle "Ajedrez en Madrid"]
[Source "lmi"]
[SourceDate "2018.07.13"]
[SourceVersion "1"]
[SourceVersionDate "2019.06.21"]
[SourceQuality "1"]

1. e4 g6 2. d4 Bg7 3. Nf3 d6 4. Bc4 Bg4 5. h3 Bxf3 6. Qxf3 e6 7. O-O Ne7 8. e5
Nbc6 9. Bf4 Nxd4 10. Qe4 Ndc6 11. exd6 cxd6 12. Nc3 d5 13. Bxd5 exd5 14. Qe2
O-O 15. Rfe1 Qb6 16. Rab1 a5 17. Bd6 Rfe8 18. Nxd5 Qd8 19. Nxe7+ Nxe7 20. Bxe7
Qc7 21. Rbd1 Bf8 22. Bd6 Qxd6 23. Qb5 Rxe1+ 24. Rxe1 Qc6 25. Qb3 Re8 26. Rd1
Qe6 27. Qxb7 Rc8 28. c3 Qc6 29. Qa7 Ra8 30. Qe3 Bc5 31. Qh6 Qf6 32. Rf1 Rd8 33.
g3 Rd3 34. Kg2 Rf3 35. Qd2 Rf5 36. b4 axb4 37. cxb4 Qc6+ 38. f3 Bb6 39. g4 Rd5
40. Qb2 Bd4 41. Qd2 Bc3 42. Qc2 Rd2+ 43. Qxd2 Bxd2 44. Rb1 Qc2 45. Rf1 Bxb4+
46. Rf2 Qc5 47. Kg3 Ba5 48. Rg2 Bc7+ 49. Kh4 Qe5 50. g5 Qf4+ 51. Rg4 Qxf3 52.
Rg1 Qf2+ 53. Kg4 Qxg1+ 54. Kf3 Qg3+ 55. Ke4 Qe5+ 56. Kd3 Qxg5 57. a4 Qg3+ 58.
Ke4 Qxh3 59. Kd4 Qe6 60. Kd3 Qe5 61. Kc4 f5 62. a5 Bxa5 63. Kd3 f4 64. Kc2 Qe3
65. Kb2 f3 66. Kc2 f2 67. Kb2 Qc3+ 68. Ka2 Qe3 69. Kb2 f1=R 70. Ka2 Rf2+ 71.
Kb1 Qe1# 0-1

[Event "20. Obert Int. Sant Marti 2018 - B"]
[Site "Barcelona ESP"]
[Date "2018.07.18"]
[Round "6.78"]
[White "Dominguez Diaz, Francisco"]
[Black "Olleta Tanya, Jordi"]
[Result "0-1"]
[WhiteElo "1319"]
[BlackElo "1409"]
[PlyCount "95"]
[EventDate "2018.07.13"]
[EventType "swiss"]
[EventRounds "9"]
[EventCountry "ESP"]
[SourceTitle "Ajedrez en Madrid"]
[Source "lmi"]
[SourceDate "2018.07.13"]
[SourceVersion "1"]
[SourceVersionDate "2019.06.21"]
[SourceQuality "1"]

1. e4 e6 2. Nf3 d5 3. d3 dxe4 4. dxe4 Qxd1+ 5. Kxd1 Bc5 6. Bd3 Bxf2 7. Rf1 Bc5
8. Nc3 Bd7 9. Ne5 f6 10. Nxd7 Nxd7 11. Bb5 O-O-O 12. Ke2 Ne5 13. h3 a6 14. Ba4
Ng6 15. Bb3 e5 16. g3 N8e7 17. Be6+ Kb8 18. Na4 Ba7 19. Be3 Rd6 20. Bxa7+ Kxa7
21. Bf7 Rhd8 22. Rad1 Rxd1 23. Rxd1 Rxd1 24. Kxd1 b6 25. c3 Kb7 26. b4 Kc6 27.
Kc2 Nh8 28. Be6 Kd6 29. Bg4 g6 30. Nb2 h5 31. Be2 f5 32. exf5 Nxf5 33. g4 hxg4
34. hxg4 Nh6 35. Nc4+ Kd5 36. Kd3 e4+ 37. Ke3 N8f7 38. Nd2 Nd6 39. Kf4 b5 40.
a3 Nhf7 41. Bf1 g5+ 42. Ke3 Ne5 43. Bh3 Ndc4+ 44. Ke2 Nxd2 45. Kxd2 Nc4+ 46.
Kc2 Nxa3+ 47. Kb3 Nc4 48. Bf1 0-1

[Event "20. Obert Int. Sant Marti 2018 - B"]
[Site "Barcelona ESP"]
[Date "2018.07.18"]
[Round "6.79"]
[White "Castillo Rosa, Jose Luis"]
[Black "Ruiz Serra, Guillem"]
[Result "1/2-1/2"]
[WhiteElo "1402"]
[BlackElo "1199"]
[PlyCount "130"]
[EventDate "2018.07.13"]
[EventType "swiss"]
[EventRounds "9"]
[EventCountry "ESP"]
[SourceTitle "Ajedrez en Madrid"]
[Source "lmi"]
[SourceDate "2018.07.13"]
[SourceVersion "1"]
[SourceVersionDate "2019.06.21"]
[SourceQuality "1"]

1. e4 e5 2. Ne2 Nf6 3. f4 Nc6 4. fxe5 Nxe5 5. Nf4 Nc6 6. Bc4 Bc5 7. e5 Nxe5 8.
d4 Nxc4 9. dxc5 O-O 10. O-O c6 11. Nh5 Nxh5 12. Qxh5 Qe7 13. b3 Qe5 14. Qg4 Ne3
15. Bxe3 Qxe3+ 16. Kh1 Qe5 17. Nd2 Qxc5 18. c4 d5 19. Qf3 dxc4 20. Nxc4 Be6 21.
Rac1 Bxc4 22. Rxc4 Qe5 23. Re4 Qc7 24. Rg4 g6 25. Qf6 Rae8 26. h4 Qe5 27. Qf2
a6 28. Rf4 Re7 29. Rf6 Qc7 30. Qf3 Qa5 31. a4 Re1 32. Qd3 Kg7 33. Qd4 Rxf1+ 34.
Rxf1+ Kg8 35. Rf6 Rd8 36. Qf2 Rd1+ 37. Kh2 Qe5+ 38. Rf4 c5 39. g3 Re1 40. Kh3
Rh1+ 41. Kg2 Qd5+ 42. Rf3 Rb1 43. Kh3 Rxb3 44. Rxb3 Qe6+ 45. Kg2 Qxb3 46. Qxc5
Qxa4 47. Qc8+ Kg7 48. Qxb7 a5 49. Qb2+ Kf8 50. Qb8+ Qe8 51. Qd6+ Kg7 52. Qa3 a4
53. Kf2 Kf6 54. Qc3+ Ke6 55. g4 Qb5 56. Qd4 a3 57. Qe3+ Qe5 58. Qb3+ Qd5 59.
Qxa3 Qd2+ 60. Kf3 Qd1+ 61. Kf4 Qf1+ 62. Kg3 Qg1+ 63. Kh3 Qf1+ 64. Kg3 Qe1+ 65.
Kh3 Qf1+ 1/2-1/2

[Event "20. Obert Int. Sant Marti 2018 - B"]
[Site "Barcelona ESP"]
[Date "2018.07.18"]
[Round "6.80"]
[White "Sanchez Rodriguez, Raul"]
[Black "Minko, Aleksandr"]
[Result "1-0"]
[WhiteElo "1402"]
[BlackElo "1112"]
[PlyCount "95"]
[EventDate "2018.07.13"]
[EventType "swiss"]
[EventRounds "9"]
[EventCountry "ESP"]
[SourceTitle "Ajedrez en Madrid"]
[Source "lmi"]
[SourceDate "2018.07.13"]
[SourceVersion "1"]
[SourceVersionDate "2019.06.21"]
[SourceQuality "1"]

1. e4 c5 2. Nf3 Nc6 3. d4 cxd4 4. Nxd4 Nf6 5. Nc3 e5 6. Nb3 Bb4 7. Bc4 O-O 8.
O-O d6 9. Bg5 h6 10. Bh4 Bg4 11. Bxf6 Bxd1 12. Bxd8 Bxc2 13. Bh4 Bxc3 14. bxc3
Bxe4 15. Rad1 g5 16. Bg3 h5 17. f3 Bf5 18. Rxd6 Rac8 19. Bd3 Be6 20. Re1 Bxb3
21. axb3 f6 22. Bc4+ Kg7 23. Rd7+ Kh6 24. Rxb7 Na5 25. Rxa7 Nxc4 26. bxc4 Rxc4
27. Ra6 Kg7 28. Re3 Rc5 29. h4 gxh4 30. Bxh4 Rc4 31. Be1 Rfc8 32. Rb6 R4c5 33.
Bh4 Rf8 34. Kh2 Rc4 35. Rb4 Rc5 36. Kh3 f5 37. Be7 f4 38. Rd3 Ra5 39. Bxf8+
Kxf8 40. Rd7 Ra8 41. Re4 Ra1 42. Kh2 Ke8 43. Rh7 Ra5 44. Rxh5 Ra1 45. Rhxe5+
Kf8 46. Rxf4+ Kg8 47. Rg5+ Kh8 48. Rh4# 1-0

[Event "20. Obert Int. Sant Marti 2018 - B"]
[Site "Barcelona ESP"]
[Date "2018.07.18"]
[Round "6.83"]
[White "Planella Zavala, Ivan"]
[Black "Antequera Garcia, Luis"]
[Result "1-0"]
[WhiteElo "1310"]
[BlackElo "1362"]
[PlyCount "137"]
[EventDate "2018.07.13"]
[EventType "swiss"]
[EventRounds "9"]
[EventCountry "ESP"]
[SourceTitle "Ajedrez en Madrid"]
[Source "lmi"]
[SourceDate "2018.07.13"]
[SourceVersion "1"]
[SourceVersionDate "2019.06.21"]
[SourceQuality "1"]

1. e4 e5 2. Nf3 Nc6 3. Bc4 Be7 4. Nc3 Nf6 5. d3 Nd4 6. Nxe5 O-O 7. O-O d6 8.
Nf3 Bg4 9. Be3 Nxf3+ 10. gxf3 Bh5 11. Re1 c6 12. Bb3 Qd7 13. Kg2 d5 14. e5 Ne8
15. d4 Qf5 16. h3 f6 17. Nxd5 cxd5 18. Bxd5+ Kh8 19. Bxb7 Rb8 20. Be4 Qe6 21.
b3 fxe5 22. d5 Qf6 23. Bxa7 Rc8 24. Be3 Nd6 25. Qd3 Nxe4 26. fxe4 Bf3+ 27. Kh2
Qg6 28. Rg1 Qxe4 29. Qxe4 Bxe4 30. c4 Bc5 31. Raf1 h6 32. Rg3 Rf7 33. Bxc5 Rxc5
34. Re3 Bg6 35. Rxe5 Bd3 36. Rd1 Rxf2+ 37. Kg3 Bc2 38. Re8+ Kh7 39. Kxf2 Bxd1
40. d6 Bh5 41. d7 Rf5+ 42. Ke1 Ra5 43. d8=Q Rxa2 44. Rh8+ Kg6 45. Qd6+ Kg5 46.
Qd2+ Rxd2 47. Kxd2 Kf6 48. Rd8 Ke7 49. Rd4 Be8 50. b4 g5 51. Re4+ Kd8 52. Rxe8+
Kxe8 53. b5 Kd7 54. Ke3 Kd6 55. h4 gxh4 56. Kf3 h5 57. Kg2 Kc5 58. Kh3 Kb6 59.
Kxh4 Kc5 60. Kxh5 Kb6 61. Kg5 Kc5 62. Kf5 Kd6 63. b6 Kc6 64. c5 Kb7 65. Ke6 Kc6
66. Ke7 Kb7 67. Kd7 Kb8 68. c6 Ka8 69. c7 1-0

[Event "20. Obert Int. Sant Marti 2018 - B"]
[Site "Barcelona ESP"]
[Date "2018.07.18"]
[Round "6.84"]
[White "Guerrero Baez, Indira"]
[Black "Villalonga Royo, Lluis"]
[Result "1-0"]
[WhiteElo "1300"]
[BlackElo "1341"]
[PlyCount "81"]
[EventDate "2018.07.13"]
[EventType "swiss"]
[EventRounds "9"]
[EventCountry "ESP"]
[SourceTitle "Ajedrez en Madrid"]
[Source "lmi"]
[SourceDate "2018.07.13"]
[SourceVersion "1"]
[SourceVersionDate "2019.06.21"]
[SourceQuality "1"]

1. d4 d5 2. Nf3 e6 3. e3 Nf6 4. Bd3 a6 5. O-O Bd6 6. b3 Nc6 7. Bb2 Nb4 8. Be2
Qe7 9. a3 Nc6 10. Ne5 Nd7 11. f4 f6 12. Nxc6 bxc6 13. Nd2 c5 14. Bd3 f5 15. c3
Bb7 16. Nf3 Qf7 17. Ne5 Nxe5 18. fxe5 Be7 19. Be2 h5 20. c4 Qg6 21. Bf3 h4 22.
cxd5 h3 23. g3 exd5 24. Qc2 c4 25. bxc4 c6 26. cxd5 Rc8 27. dxc6 Ba8 28. d5 Bg5
29. Kf2 O-O 30. d6 Kh7 31. c7 Bxe3+ 32. Kxe3 f4+ 33. Kd2 Qxc2+ 34. Kxc2 Bxf3
35. Rxf3 Rf7 36. Rxf4 Rd7 37. Rd1 g6 38. e6 Rcxc7+ 39. dxc7 Rxc7+ 40. Kb1 Kh6
41. Rf7 1-0

[Event "20. Obert Int. Sant Marti 2018 - B"]
[Site "Barcelona ESP"]
[Date "2018.07.18"]
[Round "6.85"]
[White "Del Rio Baena, Dani"]
[Black "Munoz Prior, Marcelo"]
[Result "0-1"]
[WhiteElo "1050"]
[BlackElo "1631"]
[PlyCount "78"]
[EventDate "2018.07.13"]
[EventType "swiss"]
[EventRounds "9"]
[EventCountry "ESP"]
[SourceTitle "Ajedrez en Madrid"]
[Source "lmi"]
[SourceDate "2018.07.13"]
[SourceVersion "1"]
[SourceVersionDate "2019.06.21"]
[SourceQuality "1"]

1. e4 c6 2. d4 d5 3. Nc3 dxe4 4. Nxe4 Nf6 5. Nxf6+ gxf6 6. Be3 Qc7 7. Qd2 Bf5
8. Nf3 Nd7 9. O-O-O Nb6 10. Bd3 Bxd3 11. Qxd3 Nd5 12. Kb1 O-O-O 13. Rhe1 e6 14.
c4 Nxe3 15. Qxe3 h5 16. Re2 Bh6 17. Qa3 Kb8 18. Rc2 Rhg8 19. d5 Rxg2 20. Rd3
Rdg8 21. Rcc3 Rg1+ 22. Nxg1 Rxg1+ 23. Kc2 Rc1+ 24. Kb3 Qb6+ 25. Qb4 Qxf2 26.
Rxc1 Bxc1 27. Ka4 Qc2+ 28. Rb3 b5+ 29. cxb5 c5 30. Qf4+ Bxf4 31. d6 c4 32. d7
Kc7 33. b6+ axb6 34. h4 cxb3 35. d8=Q+ Kxd8 36. axb3 Bd6 37. Kb5 Kc7 38. b4
Qc6+ 39. Ka6 Qa4# 0-1

[Event "20. Obert Int. Sant Marti 2018 - B"]
[Site "Barcelona ESP"]
[Date "2018.07.18"]
[Round "6.86"]
[White "Lahoz Bonaventura, Jordi"]
[Black "Casas Vinas, Arthur"]
[Result "0-1"]
[WhiteElo "1597"]
[BlackElo "1249"]
[PlyCount "74"]
[EventDate "2018.07.13"]
[EventType "swiss"]
[EventRounds "9"]
[EventCountry "ESP"]
[SourceTitle "Ajedrez en Madrid"]
[Source "lmi"]
[SourceDate "2018.07.13"]
[SourceVersion "1"]
[SourceVersionDate "2019.06.21"]
[SourceQuality "1"]

1. e4 c5 2. Nf3 g6 3. d4 cxd4 4. Nxd4 Bg7 5. Bc4 Nc6 6. Be3 Nf6 7. Nc3 Qa5 8.
f3 Qb4 9. Qd3 Ne5 10. Qe2 Qxc4 11. O-O Qxe2 12. Ndxe2 Nc4 13. Bc1 O-O 14. b3
Nb6 15. Bf4 d6 16. Rad1 Be6 17. Rd2 Rac8 18. Nd1 Rc7 19. Nf2 Rfc8 20. Nd4 Bd7
21. e5 Ne8 22. exd6 Nxd6 23. Re1 Re8 24. Bg3 Rcc8 25. Ne2 Bf5 26. c4 Red8 27.
Bh4 Rd7 28. g4 Be6 29. Bxe7 Rxe7 30. Rxd6 Be5 31. Rd3 Bd7 32. Ng3 Rce8 33. Nfe4
Bxg3 34. hxg3 Kg7 35. Red1 Bc6 36. Nd6 Re1+ 37. Kf2 R8e2# 0-1

[Event "20. Obert Int. Sant Marti 2018 - B"]
[Site "Barcelona ESP"]
[Date "2018.07.19"]
[Round "7.1"]
[White "Perez Garcia, Jose Miguel"]
[Black "Nadal Fajardo, Ricard"]
[Result "1/2-1/2"]
[WhiteElo "1891"]
[BlackElo "1894"]
[PlyCount "31"]
[EventDate "2018.07.13"]
[EventType "swiss"]
[EventRounds "9"]
[EventCountry "ESP"]
[SourceTitle "Ajedrez en Madrid"]
[Source "lmi"]
[SourceDate "2018.07.13"]
[SourceVersion "1"]
[SourceVersionDate "2019.06.21"]
[SourceQuality "1"]

1. Nf3 Nf6 2. c4 c6 3. d4 d5 4. Qc2 g6 5. e3 Bf5 6. Qb3 Qb6 7. Nc3 Nbd7 8. cxd5
Qxb3 9. axb3 Nxd5 10. Nxd5 cxd5 11. Bb5 a6 12. Ne5 Rc8 13. Bxd7+ Bxd7 14. Nxd7
Kxd7 15. Bd2 e6 16. Bc3 1/2-1/2

[Event "20. Obert Int. Sant Marti 2018 - B"]
[Site "Barcelona ESP"]
[Date "2018.07.19"]
[Round "7.2"]
[White "Melnik, Alexander"]
[Black "Cano Sevilla, Ivan"]
[Result "0-1"]
[WhiteElo "1882"]
[BlackElo "1948"]
[PlyCount "130"]
[EventDate "2018.07.13"]
[EventType "swiss"]
[EventRounds "9"]
[EventCountry "ESP"]
[SourceTitle "Ajedrez en Madrid"]
[Source "lmi"]
[SourceDate "2018.07.13"]
[SourceVersion "1"]
[SourceVersionDate "2019.06.21"]
[SourceQuality "1"]

1. e4 c5 2. Nf3 g6 3. c4 Bg7 4. d4 cxd4 5. Nxd4 Nc6 6. Be3 Nf6 7. Nc3 d6 8. Be2
O-O 9. O-O Bd7 10. f3 Nxd4 11. Bxd4 Bc6 12. b4 b6 13. Qd2 Rc8 14. Rad1 Nd7 15.
Be3 Bb7 16. Nd5 Ne5 17. Rc1 Ba6 18. b5 Bb7 19. f4 Nd7 20. f5 Nc5 21. Bf3 Bxd5
22. Qxd5 Qc7 23. Bg4 Rb8 24. h4 Qb7 25. Bxc5 Qxd5 26. exd5 dxc5 27. fxg6 Bd4+
28. Kh2 hxg6 29. Bd7 Be5+ 30. Kh3 Kg7 31. g4 Rbd8 32. Bc6 Rh8 33. g5 Rh5 34.
Rce1 f6 35. Kg4 Rdh8 36. Rh1 f5+ 37. Kf3 Bd6 38. Re6 Rxh4 39. Rxh4 Rxh4 40. Be8
Rf4+ 41. Ke3 Rxc4 42. Rxg6+ Kf8 43. Bd7 Kf7 44. Bxf5 Rc3+ 45. Ke4 Rc4+ 46. Ke3
Rb4 47. Ke2 Rb2+ 48. Kf3 Rxa2 49. Rh6 Ra4 50. Be4 Ra3+ 51. Kg4 Ra2 52. Rh7+ Kg8
53. g6 Rh2 54. Kf5 Rxh7 55. gxh7+ Kxh7 56. Ke6+ Kg7 57. Kd7 Kf6 58. Kc6 Ke5 59.
Bf3 Kd4 60. Kb7 c4 61. Kxa7 Bc5 62. Kb7 c3 63. Bd1 Kd3 64. Kc6 c2 65. Bxc2+
Kxc2 0-1

[Event "20. Obert Int. Sant Marti 2018 - B"]
[Site "Barcelona ESP"]
[Date "2018.07.19"]
[Round "7.3"]
[White "Prats Safont, Sergi"]
[Black "Costa Trave, Jaume"]
[Result "1/2-1/2"]
[WhiteElo "1918"]
[BlackElo "1862"]
[PlyCount "129"]
[EventDate "2018.07.13"]
[EventType "swiss"]
[EventRounds "9"]
[EventCountry "ESP"]
[SourceTitle "Ajedrez en Madrid"]
[Source "lmi"]
[SourceDate "2018.07.13"]
[SourceVersion "1"]
[SourceVersionDate "2019.06.21"]
[SourceQuality "1"]

1. e4 e6 2. d4 d5 3. Nd2 Nf6 4. e5 Nfd7 5. Bd3 c5 6. c3 Nc6 7. Ne2 Qb6 8. Nf3
cxd4 9. cxd4 f6 10. exf6 Nxf6 11. O-O Bd6 12. Re1 O-O 13. Nc3 Bd7 14. h3 Rae8
15. Bc2 Kh8 16. Bb3 a6 17. Rb1 Qa7 18. Bg5 b5 19. Bc2 Nb4 20. Bb3 Bc8 21. Re2
Nc6 22. Bc2 Ne7 23. Qd3 Neg8 24. b4 Qc7 25. a4 bxa4 26. Bxa4 Bd7 27. Bxd7 Nxd7
28. Qxa6 Bxb4 29. Nxd5 exd5 30. Rxe8 Rxe8 31. Rxb4 Ndf6 32. Rb7 Qc2 33. Ne5 h6
34. Bxf6 Nxf6 35. Qd3 Qc1+ 36. Kh2 Qf4+ 37. Qg3 Qxg3+ 38. Kxg3 Ra8 39. f3 Ra4
40. Ng6+ Kh7 41. Nf8+ Kh8 42. Ne6 g5 43. Rf7 Nh5+ 44. Kg4 Nf4 45. Nxf4 Rxd4 46.
Kg3 gxf4+ 47. Rxf4 Rd2 48. Rf6 Kg7 49. Rd6 d4 50. f4 Kh7 51. Kf3 Rd3+ 52. Ke4
Rg3 53. Rxd4 Rxg2 54. Kf5 h5 55. Kf6 Rg3 56. h4 Rg4 57. Rd7+ Kh6 58. f5 Rxh4
59. Rd6 Rh1 60. Ke7+ Kg5 61. f6 h4 62. Rd5+ Kg6 63. Rd6 Re1+ 64. Re6 Rf1 65.
Re4 1/2-1/2

[Event "20. Obert Int. Sant Marti 2018 - B"]
[Site "Barcelona ESP"]
[Date "2018.07.19"]
[Round "7.4"]
[White "Sumelzo Lozano, Jose"]
[Black "Castillo Dalmau, Arnau"]
[Result "1/2-1/2"]
[WhiteElo "1941"]
[BlackElo "1862"]
[PlyCount "83"]
[EventDate "2018.07.13"]
[EventType "swiss"]
[EventRounds "9"]
[EventCountry "ESP"]
[SourceTitle "Ajedrez en Madrid"]
[Source "lmi"]
[SourceDate "2018.07.13"]
[SourceVersion "1"]
[SourceVersionDate "2019.06.21"]
[SourceQuality "1"]

1. d4 Nf6 2. c4 e6 3. Nf3 b6 4. Bg5 h6 5. Bxf6 Qxf6 6. e3 Bb7 7. Be2 c5 8. Nc3
cxd4 9. exd4 Bb4 10. Rc1 O-O 11. O-O d5 12. cxd5 Bxc3 13. Rxc3 Bxd5 14. Qc2 Nd7
15. Bc4 Bxc4 16. Rxc4 Qd8 17. Rc1 Nf6 18. h3 Nd5 19. a3 Ne7 20. Kf1 Rc8 21. Rc7
a6 22. Rxc8 Qxc8 23. Qxc8 Rxc8 24. Rxc8+ Nxc8 25. Ke2 Kf8 26. Kd3 Ke7 27. b4 f6
28. Nd2 Nd6 29. Nc4 Nxc4 30. Kxc4 Kd6 31. b5 a5 32. g4 g6 33. h4 g5 34. hxg5
hxg5 35. f3 a4 36. Kb4 Kd5 37. Kc3 f5 38. Kd3 fxg4 39. fxg4 e5 40. dxe5 Kxe5
41. Ke3 Kd5 42. Kd3 1/2-1/2

[Event "20. Obert Int. Sant Marti 2018 - B"]
[Site "Barcelona ESP"]
[Date "2018.07.19"]
[Round "7.5"]
[White "Walter Travella, German"]
[Black "Lopez Nadal, Alex"]
[Result "1-0"]
[WhiteElo "1924"]
[BlackElo "1794"]
[PlyCount "78"]
[EventDate "2018.07.13"]
[EventType "swiss"]
[EventRounds "9"]
[EventCountry "ESP"]
[SourceTitle "Ajedrez en Madrid"]
[Source "lmi"]
[SourceDate "2018.07.13"]
[SourceVersion "1"]
[SourceVersionDate "2019.06.21"]
[SourceQuality "1"]

1. e4 c5 2. Nf3 Nc6 3. Bb5 Nd4 4. Nxd4 cxd4 5. Bc4 g6 6. Qf3 e6 7. d3 Bg7 8.
O-O Ne7 9. Bf4 O-O 10. Qg3 Nc6 11. Bd6 Re8 12. Nd2 Bf8 13. Bc7 Qe7 14. e5 Qb4
15. Ne4 Bg7 16. Bd6 Qb6 17. Nf6+ Bxf6 18. exf6 Qd8 19. Qh4 h6 20. Bb5 h5 21.
Bxc6 dxc6 22. Be5 Kh7 23. g4 Rh8 24. gxh5 Kg8 25. h6 c5 26. Rfe1 Bd7 27. f3 Bc6
28. Kf2 Qd5 29. Re4 Rh7 30. Rg1 Kf8 31. Qf4 Rd8 32. b3 b5 33. h4 Be8 34. Rg5
Qc6 35. Re1 Rxh6 36. Rxg6 Rxg6 37. h5 Rd7 38. hxg6 Kg8 39. Qh6 fxg6 1-0

[Event "20. Obert Int. Sant Marti 2018 - B"]
[Site "Barcelona ESP"]
[Date "2018.07.19"]
[Round "7.6"]
[White "Ishaan, Bansal"]
[Black "Pera Muntasell, Marc"]
[Result "1/2-1/2"]
[WhiteElo "1759"]
[BlackElo "1920"]
[PlyCount "57"]
[EventDate "2018.07.13"]
[EventType "swiss"]
[EventRounds "9"]
[EventCountry "ESP"]
[SourceTitle "Ajedrez en Madrid"]
[Source "lmi"]
[SourceDate "2018.07.13"]
[SourceVersion "1"]
[SourceVersionDate "2019.06.21"]
[SourceQuality "1"]

1. d4 d5 2. Bf4 Nf6 3. e3 e6 4. Nf3 Bd6 5. Bg3 O-O 6. Nbd2 b6 7. Bd3 c5 8. c3
Nc6 9. Qe2 Bb7 10. e4 dxe4 11. Nxe4 Nxe4 12. Qxe4 g6 13. Bxd6 Qxd6 14. dxc5
Qxc5 15. O-O Rfd8 16. Rad1 Qe7 17. Qe3 Rd6 18. Ng5 Rad8 19. Ne4 R6d7 20. Bc2
Na5 21. Rxd7 Rxd7 22. Qf4 Bxe4 23. Qxe4 Nb7 24. Rd1 Nc5 25. Qe2 Qd8 26. Rxd7
Qxd7 27. b4 Nb7 28. Qd3 Qc7 29. Bb3 1/2-1/2

[Event "20. Obert Int. Sant Marti 2018 - B"]
[Site "Barcelona ESP"]
[Date "2018.07.19"]
[Round "7.7"]
[White "Saxena, Anshul"]
[Black "Morais Carreras, Javier"]
[Result "1/2-1/2"]
[WhiteElo "1647"]
[BlackElo "1913"]
[PlyCount "67"]
[EventDate "2018.07.13"]
[EventType "swiss"]
[EventRounds "9"]
[EventCountry "ESP"]
[SourceTitle "Ajedrez en Madrid"]
[Source "lmi"]
[SourceDate "2018.07.13"]
[SourceVersion "1"]
[SourceVersionDate "2019.06.21"]
[SourceQuality "1"]

1. e4 e5 2. Nf3 Nf6 3. Nxe5 d6 4. Nf3 Nxe4 5. d4 d5 6. Bd3 Nc6 7. O-O Be7 8. c4
Nb4 9. Be2 O-O 10. Nc3 Bf5 11. a3 Nxc3 12. bxc3 Nc6 13. cxd5 Qxd5 14. Bf4 Rac8
15. Re1 Bf6 16. Bd3 Bxd3 17. Qxd3 a6 18. c4 Qd7 19. Rad1 Rfe8 20. d5 Rxe1+ 21.
Rxe1 Ne7 22. Bg5 Bxg5 23. Nxg5 Ng6 24. h4 Re8 25. Rxe8+ Qxe8 26. g3 h6 27. h5
hxg5 28. hxg6 fxg6 29. c5 Kf7 30. Qb3 Qb5 31. Qf3+ Kg8 32. Qe3 Kf8 33. Kg2 Qc4
34. Qf3+ 1/2-1/2